La construcción literaria de la fiesta barroca en la marginalidad: la relación de la fiesta de proclamación de Luis I en al ciudad de Cartago (1725)
Guardado en:
| Autor principal: | |
|---|---|
| Formato: | Libro |
| Lenguaje: | Undetermined |
| Publicado: |
San José, Costa Rica
Universidad de Sevilla,Facultad de Geografía e Historia
2012
|
| Materias: | |
| Etiquetas: |
Agregar Etiqueta
Sin Etiquetas, Sea el primero en etiquetar este registro!
|
MARC
| LEADER | 00000nam a2200000Ia 4500 | ||
|---|---|---|---|
| 008 | 170316s9999 xx 000 0 und d | ||
| 999 | |c 30831 |d 30831 | ||
| 040 | |a cru BVZT | ||
| 090 | |a TESIS 880 | ||
| 100 | |a Sánchez Mora, Alexánder | ||
| 245 | |a La construcción literaria de la fiesta barroca en la marginalidad: la relación de la fiesta de proclamación de Luis I en al ciudad de Cartago (1725) | ||
| 260 | |a San José, Costa Rica |b Universidad de Sevilla,Facultad de Geografía e Historia |c 2012 | ||
| 300 | |a 111 páginas | ||
| 630 | |l Español | ||
| 650 | |a MASTER UNIVERSITARIO EN ESTUDIOS AMERICANOS | ||
| 650 | 0 | |a TEORÍA LITERARIA |9 178 | |
| 650 | |a TRABAJO FINAL DE GRADUACIÓN |9 237 | ||
| 650 | |a SINTAXIS | ||
| 942 | |c TFG |h TESIS 880 |2 z | ||
